UBT Library

The well-balanced leader : (Record no. 862)

000 -LEADER
fixed length control field 00624nam a22001817a 4500
008 - FIXED-LENGTH DATA ELEMENTS--GENERAL INFORMATION
fixed length control field 150520b xxu||||| |||| 00| 0 eng d
020 ## - INTERNATIONAL STANDARD BOOK NUMBER
International Standard Book Number 9780071772440 (alk. paper)
020 ## - INTERNATIONAL STANDARD BOOK NUMBER
International Standard Book Number 0071772448 (alk. paper)
041 0# - LANGUAGE CODE
Language code of text/sound track or separate title eng
080 ## - UNIVERSAL DECIMAL CLASSIFICATION NUMBER
Universal Decimal Classification number 301.151
100 ## - Rafti
Rafti Roberts, Ron,
100 ## - Rafti
-- 1951-
245 00 - TITLE STATEMENT
Title The well-balanced leader :
Statement of responsibility, etc by Ron Roberts.
260 ## -
-- New York :
-- McGraw-Hill,
-- c2012.
300 ## -
-- 256 f
-- me il
-- 24 cm.
505 ## -
-- Index:f. 249-256
650 #0 -
-- Udhëheqja
-- Aspektet psikologjike
942 ## - ADDED ENTRY ELEMENTS (KOHA)
Source of classification or shelving scheme
Item type Books
Holdings
Withdrawn status Lost status Source of classification or shelving scheme Damaged status Not for loan Collection code Permanent location Current location Shelving location Date acquired Total Checkouts Full call number Barcode Date last seen Koha item type Price effective from
          Koleksioni i përgjithshem UBT - Lipjan UBT - Lipjan Koleksioni i përgjithshem 05/20/2015   301.151 ROB 002-008197 05/20/2015 Books  
          Koleksioni i përgjithshem UBT - Lipjan UBT - Lipjan Koleksioni i përgjithshem 10/01/2015   301.151 ROB 002-008196 10/23/2017 Books 10/01/2015
          Koleksioni i përgjithshem UBT - Lipjan UBT - Lipjan Koleksioni i përgjithshem 10/01/2015   301.151 ROB 002-008195 10/01/2015 Books 10/01/2015
          Koleksioni i përgjithshem UBT - Lipjan UBT - Lipjan Koleksioni i përgjithshem 10/23/2017   301.151 ROB 002-2933380 10/23/2017 Books 10/23/2017
          Koleksioni i përgjithshem UBT - Lipjan UBT - Lipjan Koleksioni i përgjithshem 10/23/2017   301.151 ROB 002-2933385 10/23/2017 Books 10/23/2017
          Koleksioni i përgjithshem UBT - Lipjan UBT - Lipjan Koleksioni i përgjithshem 10/23/2017   301.151 ROB 002-2933390 10/23/2017 Books 10/23/2017
          Koleksioni i përgjithshem UBT - Lipjan UBT - Lipjan Koleksioni i përgjithshem 10/23/2017   301.151 ROB 002-2933395 10/23/2017 Books 10/23/2017
UBT Library © 2015-2024. All rights reserved University Education for Business and Technology